Test do not play lol 3 - Statistics

General Stats
  • This quiz has been taken 69 times
    68 since last reset
  • The average score is 3 of 5
Answer Stats
Question Answer % Correct
---------- -----------
75%
do you think it will turn to "lol" and not "---------" BRO YOU HAVE NOT MADE A QUIZ IN SO LONG IM JUST HAPPY YOU MADE ONE OMG FINALLY YAYAYYA
75%
should i make more quiz again. cuz i kinda quit. so basicaly should i come back to make more quiz? yes
50%
lol its different --------------
25%
it used to be... --------------------
25%
No matching quizzes found
Score Distribution
Percent of People with Each Score
Percentile by Number Answered
Your Score History
You have not taken this quiz since the last reset